00557nam a22001575i 4500001000700000003000900007005001700016008004100033080001200074100002200086245018300108260003800291300002200329650002300351852002500374169936ES-MaACL20230906214238.0081222s1936 sp |||| | spa d a791.4321 aCorral, Olegario.10aCrítica del cine b: 2572 películas exhibidas desde enero de 1931 hasta diciembre de 1935 y en un apéndice las exhibidas en enero de 1936 ordenadas por / cOlegario Corral. aSantander : bSal Terrae, c1936. a178 p. ; c15 cm.14aCine-vCríticas. aES-MaACLj2245-F-22